Manual AMIR (Registro nro. 239817)
[ vista simple ]
| 000 -ENCABEZADO | |
|---|---|
| Número de control [NR] | 01346 a2200325 4500 |
| 005 - FECHA Y HORA DE LA ÚLTIMA TRANSACCIÓN | |
| control field | 20160805141958.0 |
| 008 - DE LONGITUD FIJA DE DATOS DE ELEMENTOS - INFORMACIÓN GENERAL | |
| Elementos de longitud fija [NR] | 140314s2013 sp ad frn 000 0 spa d |
| 020 ## - NUMERO INTERNACIONAL NORMALIZADO PARA LIBROS [R] | |
| Número Internacional Normalizado del libro [NR] | 9788461648085 |
| 040 ## - FUENTE DE CATALOGACION [NR] | |
| Agencia de catalogación original [NR] | CO-BoUCM |
| Idioma de catalogación [NR] | spa |
| Quien Cataloga | Sandra Palacio (modificó) |
| Quien Clasifica | Aldemar Mondragón |
| 041 ## - CODIGO DE IDIOMA [R] | |
| Código de idioma para texto/pista de sonido o título separado [R] | Español |
| 060 ## - SIGNATURA TOPOGRAFICA DE LA BIBLIOTECA NACIONAL DE MEDICINA (NLM) [R] | |
| Número clasificador [R] | WG 168 |
| 245 ## - MENCION DE TITULO [NR] | |
| Título [NR] | Manual AMIR |
| Mención de responsabilidad, etc. [NR] | Eduardo Franco Díez...[y otros autores] |
| Parte restante del título [NR] | Cardiología y cirugía cardiovascular |
| 246 ## - FORMA VARIANTE DEL TITULO [R] | |
| Título propiamente dicho/forma breve del título [NR] | CD Cardiología y cirugía cardiovascular |
| 250 ## - MENCION DE EDICION [NR] | |
| Mención de edición [NR] | 6a ed |
| 260 ## - PUBLICACION, DISTRIBUCION, ETC. (PIE DE IMPRENTA) [R] | |
| Lugar de publicación, distribución, etc. [R] | [Madrid (España)] |
| Nombre del editor, distribuidor, etc. [R] | Academia de Estudios MIR |
| Fecha de publicación, distribución, etc. [R] | 2013 |
| 300 ## - DESCRIPCION FISICA [R] | |
| Extensión [R] | 122 páginas |
| Otros detalles físicos [NR] | ilustraciones, tablas, gráficos y diagramas |
| Material acompañante [NR] | 2 anexos |
| 504 ## - NOTA DE BIBLIOGRAFIA, ETC. [R] | |
| Nota de bibliografía, etc. [NR] | Incluye referencias bibliográficas |
| 505 ## - NOTA DE CONTENIDO CON FORMATO PREESTABLECIDO [R] | |
| Información miscelánea [R] | Anexo.1 |
| State manifest and birth record (1764-1977). | Comentarios test de calse Cardiología y cirugía cardiovascular, Fase de contacto |
| 505 ## - NOTA DE CONTENIDO CON FORMATO PREESTABLECIDO [R] | |
| Información miscelánea [R] | Anexo.2 |
| State manifest and birth record (1764-1977). | Comentarios test de calse Cardiología y cirugía cardiovascular, Fase de consolidación |
| 650 #7 - ASIENTO SECUNDARIO DE MATERIA - TERMINO TEMATICO [R] | |
| 9 (RLIN) | 10489 |
| Término temático o nombre geográfico como elemento de entrada [NR] | Cardiología |
| 650 #7 - ASIENTO SECUNDARIO DE MATERIA - TERMINO TEMATICO [R] | |
| 9 (RLIN) | 10891 |
| Término temático o nombre geográfico como elemento de entrada [NR] | Cirugía cardiovascular |
| 650 #7 - ASIENTO SECUNDARIO DE MATERIA - TERMINO TEMATICO [R] | |
| 9 (RLIN) | 7407 |
| Término temático o nombre geográfico como elemento de entrada [NR] | Cirugía |
| 690 ## - ASUNTO AGREGADO LOCAL DE ENTRADA - TÉRMINO TEMÁTICO (OCLC, RLIN) | |
| Acceso temático local | Cardiología |
| 9 (RLIN) | 10489 |
| 700 ## - ASIENTO SECUNDARIO - NOMBRE PERSONAL [R] | |
| 9 (RLIN) | 58095 |
| Nombre personal [NR] | Franco Díez, Eduardo |
| 700 ## - ASIENTO SECUNDARIO - NOMBRE PERSONAL [R] | |
| 9 (RLIN) | 58097 |
| Nombre personal [NR] | Suárez Barrientos, Aida |
| 700 ## - ASIENTO SECUNDARIO - NOMBRE PERSONAL [R] | |
| 9 (RLIN) | 58129 |
| Nombre personal [NR] | Ruiz Mateos, Borja |
| 700 ## - ASIENTO SECUNDARIO - NOMBRE PERSONAL [R] | |
| Nombre personal [NR] | Bastante Valiente, Teresa |
| 9 (RLIN) | 58309 |
| 700 ## - ASIENTO SECUNDARIO - NOMBRE PERSONAL [R] | |
| Nombre personal [NR] | Iborra Cuevas, Cristian |
| 9 (RLIN) | 58310 |
| 942 ## - ELEMENTOS DE ENTRADA AGREGADOS (KOHA) | |
| Tema principal | Medicina |
| Tipo de ítem principal el descrito en 300a | Libro |
| Edición | 6 |
| Parte restante de la signatura top. | C267 |
| Sistema de clasificación | NLM |
| Clasificación | WG 168 |
| Fecha de último préstamo | Total préstamos | Signatura topográfica | Código de barras | Última vez visto | Volúmen / Fascículo | Ejemplar | Costo de reposición | Price effective from | Tipo de ítem | Perdido | Sistema de clasificación | Dañado | No prestable | Tipo de ítem específico | Suprimido | Ubicación habitual | Ubicación actual | Localización | Fecha de creación | Proveedor | Forma de adquisición | Costo |
|---|---|---|---|---|---|---|---|---|---|---|---|---|---|---|---|---|---|---|---|---|---|---|
| 19/08/2016 | 4 | WG 168 C267 | 200027580 | 01/12/2025 | 6a.Ed. | Ej.1 | 26000.00 | 18/02/2014 | Libro | NLM | Libro | Hospital Universitario Mayor | Hospital Universitario Mayor | 9no piso | 18/02/2014 | 12 | Donación | 0.00 |